[Event "HUN-chT2 Toth 0708"]
[Site "Hungary"]
[Date "2008.05.18"]
[Round "11"]
[White "Joo, Janos"]
[Black "Kovacs, Adrian"]
[Result "0-1"]
[WhiteElo "2126"]
[BlackElo "2234"]
[PlyCount "58"]
[EventDate "2007.10.14"]
[EventType "team"]
[EventRounds "11"]
[EventCountry "HUN"]
[SourceTitle "EXT 2009"]
[Source "ChessBase"]
[SourceDate "2008.11.26"]
[SourceVersion "1"]
[SourceVersionDate "2008.11.26"]
[SourceQuality "1"]
[WhiteTeam "Mako II"]
[BlackTeam "Takisz"]
[WhiteTeamCountry "HUN"]
[BlackTeamCountry "HUN"]

1. e4 c5 2. Nf3 e6 3. d4 cxd4 4. Nxd4 a6 5. Bd3 Nf6 6. 0-0 d6 7. c4 Nbd7 8. Nc3 g6 9. Be3 Bg7 10. f4 0-0 11. Kh1 Re8 12. Nc2 b6 13. f5 Bb7 14. fxe6 Rxe6 15. Nd5 Nxe4 16. Qf3 f5 17. Rad1 Rb8 18. Nd4 Re8 19. Bxe4 Rxe4 20. Qf2 b5 21. b3 bxc4 22. bxc4 Nf6 23. Bg5 Ng4 24. Qh4 Qd7 25. Rf4 Bxd5 26. cxd5 Rxd4 27. Rfxd4 Bxd4 28. h3 Bf2 29. g3 Qa4 0-1